000 00838cam a2200265 a 4500
001 000019748
005 20260421091200.0
008 810327s1968 sp 001 e spa d
040 _aDO-SdBNP
_bspa
_cDLC
_dBNPHU
082 _a864.6
_bA996po, 1968
100 0 _aAzorín,
_d1873-1967.
_95278
245 1 3 _aEl político :
_bcon un epílogo futurista /
_cAzorín.
250 _a3a ed.
260 _aMadrid :
_bEspasa-Calpe,
_c1968.
300 _a158, [18] p. ;
_c18 cm.
490 1 _aAustral. Verde: ensayos y filosofía
_v568
500 _aIncluye índice de autores
650 4 _aEnsayos españoles
_93095
650 0 _aTácticas políticas
_919756
650 4 _aLiteratura española
_9632
830 4 _aAustral.
_pVerde: ensayos y filosofía;
_v568
_98733
910 _aCatalogación derivada / LC
910 _aWM
049 _aBNGR
999 _c19262
_d19262